A slow életmód és a sport kapcsolata magyar és nemzetközi színtereken

Elmentve itt :
Bibliográfiai részletek
Szerző: Pósfai Ferenc Zoltán
További közreműködők: Bóka Ferenc (Témavezető)
Dokumentumtípus: Szakdolgozat
Megjelent: 2016
Tárgyszavak:
Online Access:http://diploma.bibl.u-szeged.hu/68098
LEADER 00740nta a2200169 i 4500
001 dipl68098
005 20170607084059.0
008 170607s2016 hu om 0|| zxx d
040 |a SZTE Diploma Repozitórium  |b hun 
041 |a zxx 
100 1 |a Pósfai Ferenc Zoltán 
245 1 2 |a A slow életmód és a sport kapcsolata magyar és nemzetközi színtereken  |h [elektronikus dokumentum] /  |c Ferenc Zoltán Pósfai 
246 1 0 |a The Connection of Slow Lifestyle and Sports on Hungarian and International fields  |h [elektronikus dokumentum] 
260 |c 2016 
650 4 |a Pedagógusképzés 
700 1 |a Bóka Ferenc  |e ths 
856 4 0 |u http://diploma.bibl.u-szeged.hu/id/eprint/68098/1/2016_P%C3%B3sfai_Ferenc_Zolt%C3%A1n_POFUAAF_SZE_SZ.pdf  |z Dokumentum-elérés